| 000 | 00934nam a22002897a 4500 | ||
|---|---|---|---|
| 001 | 5944 | ||
| 003 | FISKH | ||
| 005 | 20250210154624.0 | ||
| 008 | 250210b cb ||||| |||| 00| 0 eng d | ||
| 020 | _a9780590624008 | ||
| 040 |
_aFISKH _beng _cFISKH _dFISKH |
||
| 050 | _a PZ10.E38 | ||
| 082 | _a813.54 | ||
| 100 |
_aEdwards, Nicholas _d(1992-) |
||
| 245 |
_aSanta paws / _cby Nicholas Edwards |
||
| 250 | _aThis edition first published in 1995 | ||
| 260 |
_aNew York : _bScholastic, _c1995. |
||
| 300 |
_a151 pages : _c20 cm |
||
| 505 | _aP | ||
| 520 | _aHe was just a puppy when he found himself alone. Cold and alone in the dead of winter. He needed food, and water, and a warm place to sleep. He needed to find a way to survive by himself. | ||
| 521 | 8 |
_a650
_bLexile |
|
| 521 | 8 |
_aP
_bRaz-Plus |
|
| 650 |
_2Animal _aDogs - Fiction |
||
| 650 |
_2Holiday _aChapter book |
||
| 942 |
_2ddc _cBK _n0 |
||
| 999 |
_c5944 _d5944 |
||